| 000 | 00799cab a2200229 4500 | ||
|---|---|---|---|
| 001 | ABS54770 | ||
| 008 | 090401t1996 xxu||||| |||| 00| 0 eng d | ||
| 035 | _a(Sirsi) u12202 | ||
| 041 | _aeng | ||
| 245 | _aRevill v Newbery | ||
| 260 | _c1996 | ||
| 350 | _a0 | ||
| 490 |
_aWeekly Law Reports _v(1996) 2 WLR 239-250(12) |
||
| 520 | _aCA 2 November 1995. Action for damages for personal injuries alleging negligence and breach of Occupiers` Liability Act 1984 s1. On appeal dismissed the defendants defence of `ex turpi causa non oritur actio` upholding the principle of contributory negligence. | ||
| 650 | _aCOMMON LAW | ||
| 650 | _aCONTRIBUTORY NEGLIGENCE | ||
| 650 | _aOCCUPIERS LIABILITY ACT 1984 | ||
| 650 | _aTRESPASS | ||
| 690 | _aLAW-CASE LAW | ||
| 942 | _n0 | ||
| 948 | _c04/03/1997 | ||
| 999 |
_c7809 _d7809 |
||